000 00641nam a22001931c 4500
001 306533561
008 160421s1998 gw |||| 000u ger d
020 _a5884510551
_95-88451-055-1
041 _ager
245 0 0 _aEvropejskaja social-demokratija nakanune XXI stoletija /
_cRossijskaja Akademija Nauk, Insitut Naučnoj Informacii po Obščestvennym Naukam ... [Otv. red. B. S. Orlov]
264 _aMoskva :
_bPamjatniki istoričeskoj mysli,
_c1998
300 _a252 S
650 0 _aSozialdemokratie
700 1 _aOrlov, Boris S.
_eHerausgeberIn
710 2 _aRAN / INION
942 _cMG
040 _cRU-10907106
003 RU-10907106
999 _c39019
_d39019